Scottish Housing Regulator (Record no. 120793)

MARC details
000 -LEADER
fixed length control field 00986cai a22001815a 4500
001 - CONTROL NUMBER
control field L147486
008 - FIXED-LENGTH DATA ELEMENTS--GENERAL INFORMATION
fixed length control field 090515u xxk g 000 0 eng d
035 ## - SYSTEM CONTROL NUMBER
System control number (Sirsi) u147486
041 0# - LANGUAGE CODE
Language code of text/sound track or separate title eng
110 2# - MAIN ENTRY--CORPORATE NAME
Corporate name or jurisdiction name as entry element Scotland
Subordinate unit Scottish Housing Regulator
9 (RLIN) 5731
245 00 - TITLE STATEMENT
Title Scottish Housing Regulator
Medium [electronic resource]
520 ## - SUMMARY, ETC.
Summary, etc. Website for this organisation which regulates social landlords in Scotland, and protects the interests of tenants and those who have bought a property from a housing association or council. Includes links to the regsiter of social landlords, guidance and statistics, as well as publications and reports and news items.
590 ## - LOCAL NOTE (RLIN)
Local note KA
651 #4 - SUBJECT ADDED ENTRY--GEOGRAPHIC NAME
Geographic name Scotland
Chronological subdivision 1999-
690 ## - LOCAL SUBJECT ADDED ENTRY--TOPICAL TERM (OCLC, RLIN)
Topical term or geographic name as entry element PROPERTY-RESIDENTIAL PROPERTY-DOMESTIC RESIDENTIAL PROPERTY-HOUSING
856 40 - ELECTRONIC LOCATION AND ACCESS
Uniform Resource Identifier <a href="https://www.scottishhousingregulator.gov.uk/stellent/groups/public/documents/webpages/shr_homepage.hcsp">https://www.scottishhousingregulator.gov.uk/stellent/groups/public/documents/webpages/shr_homepage.hcsp</a>
Public note View the website free of charge at www.scottishhousingregulator.gov.uk...
942 ## - ADDED ENTRY ELEMENTS (KOHA)
Suppress in OPAC 0
Holdings
Withdrawn status Lost status Source of classification or shelving scheme Damaged status Not for loan Home library Current library Shelving location Date acquired Total Checkouts Full call number Barcode Date last seen Copy number Price effective from Koha item type
    Dewey Decimal Classification     Virtual Virtual Online 15/05/2009   WEBSITE 147486-2001 06/08/2019 1 06/08/2019 Online material